| 000 | 00500cam a2200145 a 4500 | ||
|---|---|---|---|
| 020 | _a1863733027 | ||
| 040 | _cDLC | ||
| 082 | 0 | 0 | _a959 ALL 1996 A087 Or. |
| 100 | 1 | _aDennis, Peter, | |
| 245 | 1 | 0 |
_aEmergency and confrontation : _bAustralian military operations in Malaya & Borneo 1950-1966 / |
| 260 |
_aSt. Leonards, NSW, Australia : _bAllen & Unwin in association with the Australian War Memorial, _c1996. |
||
| 300 |
_axvi, 381 p. : _bill., maps ; _c25 cm. |
||
| 700 | 1 | _aGrey, Jeffrey. | |
| 942 | _cEK | ||
| 999 |
_c17035 _d17035 |
||